Mavericks at Work : Why The Most Original Maids in Business Win (Record no. 88438)

MARC details
000 -LEADER
fixed length control field 00553nam a2200193Ia 4500
008 - FIXED-LENGTH DATA ELEMENTS--GENERAL INFORMATION
fixed length control field 230125s9999 xx 000 0 und d
020 ## - INTERNATIONAL STANDARD BOOK NUMBER
International Standard Book Number 978-0-00725747-8
041 ## - LANGUAGE CODE
Language code of text/sound track or separate title eng
082 ## - DEWEY DECIMAL CLASSIFICATION NUMBER
Classification number 658.4092
Item number TAY/LAB
100 ## - MAIN ENTRY--PERSONAL NAME
Personal name Taylor W C
9 (RLIN) 111511
245 ## - TITLE STATEMENT
Title Mavericks at Work : Why The Most Original Maids in Business Win
260 ## - PUBLICATION, DISTRIBUTION, ETC. (IMPRINT)
Date of publication, distribution, etc. 2007
Name of publisher, distributor, etc. Harper Collins Publishers
Place of publication, distribution, etc. New Delhi
300 ## - PHYSICAL DESCRIPTION
Extent 316p
500 ## - GENERAL NOTE
Keywords Leadership
650 ## - SUBJECT ADDED ENTRY--TOPICAL TERM
Topical term or geographic name as entry element Personnel Management
700 ## - ADDED ENTRY--PERSONAL NAME
Personal name Taylor W C & Labarre P
9 (RLIN) 111512
906 ## - LOCAL DATA ELEMENT F, LDF (RLIN)
b 79
Holdings
Withdrawn status Lost status Damaged status Not for loan Home library Current library Date acquired Vendor Cost, normal purchase price Bill number Total Checkouts Full call number Barcode Date last seen Cost, replacement price Bill Date Koha item type Original Barcode
        Smt. Hiraben Nanavati Institute of Management & Research for Women Smt. Hiraben Nanavati Institute of Management & Research for Women 07/05/2007 Pritam Book Centre 395.00 4251   658.4092 TAY/LAB B05816 HIMR-BK-5816 25/01/2023 316.00 07/05/2007 Books B05816